00767nam a2200205 i 450000100060000000300090000600500170001500700030003200800410003510000400007624502110011625000120032726000520033930000280039165000230041970000330044270000320047570000330050785200210054061645ES-MaACL20251109132608.0t|031113s1929 sp ||||1| spa d1 aFarabeuf, Louis Hubert, d1841-191010aIntroducción al estudio clínico y a la práctica de los partos / cpor L.H. Farabeuf y Enrique Varmier ; prefacio de A. Pinard ; traducción de la 4º edición francesa de Manuel Portaceli y Ortells. a3ª ed. aBarcelona : b[s.n.], c1929 (fImp. Clarasó) aVIII, 480 p. ; c27 cm. 7aObstetricia2embne1 aPortaceli y Ortells, Manuel.1 aVarnier, Henri, d1859-19021 aPinard, Adolphe, d1844-1934 aES-MaACLjE-1284